000 00813nam a2200289 a 4500
001 75985
003 BD-RjUL
005 20211209082755.0
008 190929s1969 enka b 001 0 eng
020 _a0416128602
035 _a(BD-RjUL)76204
040 _aDLC
_cDLC
_dDLC
_dBD-RjUL
_beng
041 _aeng
082 0 0 _223
_a658.562
_bWES 1969
100 1 _aWetherill, G. Barrie.
_9233281
245 1 0 _aSampling inspection and quality control /
_c[by] G. Barrie Wetherill.
260 _aLondon,
_bMethuen,
_c1969.
300 _aviii, 128 p.:
_billus.;
_c22 cm.
350 _a25/-
504 _aBibliography: p. [122]-126.
650 0 _aQuality control.
_9233282
650 0 _aAcceptance sampling.
_926209
942 _2ddc
_cBK
999 _c75985
_d75985